| 000 | 00363nam a22001337a 4500 | ||
|---|---|---|---|
| 020 | _a9780340968369 | ||
| 100 | _aHuxley-Binns, Rebecca | ||
| 245 |
_aUnlicking Legal Learning / _cRebecca Huxley-Binns and et all |
||
| 250 | _a2nd Edition. | ||
| 260 |
_aUnited Kingdom: _bHodder Education, _c2008. |
||
| 300 | _a322 p. | ||
| 563 | _aPB. | ||
| 942 |
_2ddc _cBK |
||
| 999 |
_c613745 _d613745 |
||